000 00333nam a22001217a 4500
008 160428b xxu||||| |||| 00| 0 eng d
020 _a9780131188198
020 _a0131188194
041 _aeng
080 _a618.2
245 _aProfessional nursing practice:
_cKathleen Koernig Blais;Janice S. Hayes; Barbara Kozier;
942 _2udc
_cBK
999 _c1659
_d1659